Paribesh Adhyayan (Record no. 1622)

MARC details
000 -LEADER
fixed length control field 00468cam a2200181ua 4500
008 - FIXED-LENGTH DATA ELEMENTS--GENERAL INFORMATION
fixed length control field 110921n ii |||gr||||Z||||||eng
040 ## - CATALOGING SOURCE
Transcribing agency MAIN
082 ## - DEWEY DECIMAL CLASSIFICATION NUMBER
Classification number 363.7
100 ## - MAIN ENTRY--PERSONAL NAME
Personal name Bordoloi, Nabanita Dutta,
Relator term
245 1# - TITLE STATEMENT
Title Paribesh Adhyayan
Statement of responsibility, etc. by Nabanita Dutta Bordoloi
250 ## - EDITION STATEMENT
Edition statement 1st.
260 ## - PUBLICATION, DISTRIBUTION, ETC.
Place of publication, distribution, etc. Guahati:
Name of publisher, distributor, etc. Santi Prakashan,
Date of publication, distribution, etc. 2005.
300 ## - PHYSICAL DESCRIPTION
Extent 238p:
Dimensions 23cm.
942 ## - ADDED ENTRY ELEMENTS (KOHA)
Koha item type Books
653 ## - INDEX TERM--UNCONTROLLED
Uncontrolled term Environmental Science
653 ## - INDEX TERM--UNCONTROLLED
Uncontrolled term Paribesh adhyayan
Holdings
Withdrawn status Lost status Damaged status Not for loan Home library Current library Shelving location Date acquired Total Checkouts Full call number Barcode Date last seen Date last checked out Copy number Price effective from Koha item type
        Central Library, Naharkatiya College Central Library, Naharkatiya College General Stacks 19/09/2020 6 363.7 | BOR 17524 28/05/2024 11/05/2024 1 19/09/2020 Books

Naharkatiya College © 2020. All rights reserved.

Powered By